Statistiques concernant Quiz Foot niveaux moyen/difficile

Cliquez ici pour prendre le quiz!

Statistiques générales

  • Ce quiz a été pris 523 fois
  • Le résultat moyen est 8 sur 12

Statistiques - réponses

QuestionRéponse% Correct
Quel est le pays champion du monde en titre ?France
98%
Lequel des ces joueurs est Virgil Van Dijk ?
93%
Quel numéro portait Zinedine Zidane dans l'équipe de France ?10
93%
Combien de minutes dure une mi-temps dans un match de foot ?45 min
91%
Quelle équipe a été cinq fois championne du monde (jusqu'en 2006) ?Brésil
91%
Quel était le score lors de la finale de la coupe du monde 2018 ?4-2
89%
Dans quelle ville peut-on voir le stade Pierre Mauroy ?Lille
75%
Lequel de ces stades appartient au Borussia Monchengladbach ?
70%
Lequel de ces pays a fait partie des membres fondateurs de la Fédération internationale de football (FIFA) ?France
50%
Comment se nomme la coupe de l'euro ?Coupe Henri-Delaunay
41%
Quel club a remporté la Ligue des champions de 2005-2006 ?FC Barcelone
41%
Quel est le plus vieux stade de foot de France toujours en fonctionnement, construit en 1897 ?Le Parc des Princes
15%

Distribution des résultats

Percentile par nombre de réponses

% des personnes avec chaque résultat

Votre développement - résultats

Vous n’avez pas pris ce quiz